000 01805nam0a2200373 4500
001 RU\NLR\BIBL_A\012146988
005 20231020175716.0
010 _a978-5-9966-1251-2
_913000
021 _aRU
_bКН-П-19-079845
_9КН-П-19-5790
035 _a(NLR Aleph) 012146988
035 _a(RuMoRGB)010132729
090 _a12127358
_c12127358
100 _a20191126d2019 e y0rusy50 ca
101 0 _arus
102 _aRU
105 _aa|||g|||000zy
200 1 _aХимия
_eбольшой справочник для подготовки к ЕГЭ
_e[общая химия, неорганическая химия, органическая химия, упражнения и ответы]
_fВ.Н. Доронькин, А.Г. Бережная, Т.В. Сажнева, В.А. Февралева
_gпод редакцией В.Н. Доронькина
205 _aИзд. 5-е, доп.
210 _aРостов-на-Дону
_cЛегион
_d2019
215 _a555, [1] с.
_cил., табл.
_d20
225 1 _aЕГЭ
313 _aПо 3-му изд. 2017 г.
320 _aБиблиогр. в конце кн. (6 назв.)
606 1 _aХимия
_jСправочники для школьников
_2nlr_sh1
_2nlr_sh2
_3RU\NLR\AUTH\666296
686 1 _aГ.я2
701 1 _aДоронькин
_bВ. Н.
_gВладимир Николаевич
701 1 _aБережная
_bА. Г.
_gАлександра Григорьевна
701 1 _aСажнева
_bТ. В.
_gТатьяна Владимировна
_3RU\NLR\AUTH\7747135
701 1 _aФевралева
_bВ. А.
_gВалентина Александровна
942 _cBOOK
980 _aNBR
980 _aNB